=LDR 00000nam 2200000 4500 =001 INLIS000000000009266 =005 20130612101057 =008 ***********************************Ind** =035 ##$$0010-061300000009266 =041 ##$$a Ind =082 ##$$a 231.1 =090 ##$$a 231.1, Emb-a =100 ##$$a Embuiru =245 ##$$a Aku percaya, H. Embuiru =260 ##$$a 1979 $b Flores =300 ##$$a 190 hlm, 20 cm =650 ##$$a Kristen-ketuhanan =850 ##$$a NBPNMAT =990 ##$$a 0001/BPAP-NTB/2015